| 000 | 00375nam a22001697a 4500 | ||
|---|---|---|---|
| 003 | OSt | ||
| 008 | 210520b ||||| |||| 00| 0 eng d | ||
| 020 | _a9788120342460 | ||
| 082 | _a621.317 PAI | ||
| 100 | _aPATRANABIS,D | ||
| 245 | _aInstrumentation and Control | ||
| 250 | _a2nd | ||
| 260 |
_aNew Delhi _bPHI _c2016 |
||
| 300 | _a377 | ||
| 650 | _aME | ||
| 942 |
_2ddc _cBK |
||
| 999 |
_c10654 _d10654 |
||